|
|
|
|
| LEADER |
00000nam0a2200000 4500 |
| 001 |
243626 |
| 005 |
20231031210601.0 |
| 010 |
|
|
|a 5319001495
|
| 020 |
|
|
|a RU
|b 89-78710
|
| 035 |
|
|
|a (RuTPU)RU\TPU\book\264976
|
| 090 |
|
|
|a 243626
|
| 100 |
|
|
|a 20131002d1989 m a0rusy5003 ca
|
| 101 |
0 |
|
|a rus
|
| 102 |
|
|
|a UA
|
| 105 |
|
|
|a y z 001zy
|
| 200 |
1 |
|
|a Правовое регулирование поставок
|f Д. Н. Притыка, А. И. Осетинский
|
| 210 |
|
|
|a Киев
|c Политиздат Украины
|d 1989
|
| 215 |
|
|
|a 254,[1] с.
|d 17 см
|
| 320 |
|
|
|a Библиогр. в примеч.: с. 251-253.
|
| 333 |
|
|
|a Исключено из фонда НТБ ТПУ
|
| 700 |
|
1 |
|a Притыка
|b Д. Н.
|4 070
|
| 701 |
|
1 |
|a Осетинский
|b А. И.
|4 070
|
| 801 |
|
0 |
|a RU
|b RuMRKP
|c 19950417
|g psbo
|
| 801 |
|
1 |
|a RU
|b 63413507
|c 20131002
|
| 801 |
|
2 |
|a RU
|b 63413507
|c 20170125
|g RCR
|
| 942 |
|
|
|c BK
|